000 00304nam a22001337a 4500
008 170807b xxu||||| |||| 00| 0 eng d
020 _a0893911445
041 _aeng
080 _a004
100 _a33
101 _aSHK
245 _aDIRECTIONS IN HUMAN COMPUTER INTERACTION
_cBADRE,A
942 _2udc
_cBK
999 _c22773
_d22773